Asiatische Länder nach Grenzen in 30 Sekunden - Statistiken

Allgemein
  • Dieses Quiz wurde 84 mal gespielt
  • Das Durchschnittsergebnis liegt bei 17 aus 48
Antworten auf der Karte
Die Antworten werden auf der Karte rot bzw. grün angezeigt, abhängig davon wie oft sie richtig erraten wurden.
 
Antwortstatistiken
Country % Korrekt
Afghanistan
91%
China
91%
Pakistan
91%
Laos
89%
Myanmar
89%
Nepal
89%
Vietnam
89%
Bhutan
88%
Indien
75%
Iran
75%
Turkmenistan
74%
Saudi-Arabien
67%
Kasachstan
54%
Türkei
54%
Thailand
47%
Malaysia
46%
Mongolei
46%
Indonesien
42%
Irak
33%
Japan
30%
Jemen
30%
Oman
30%
Brunei
26%
Südkorea
25%
Syrien
23%
Nordkorea
21%
Israel
19%
Zypern
18%
Bangladesch
16%
Usbekistan
16%
Georgien
14%
Katar
12%
Bahrain
11%
Armenien
9%
Vereinigte Arabische Emirate
9%
Kirgisistan
7%
Libanon
7%
Singapur
7%
Aserbaidschan
5%
Jordanien
5%
Kuwait
5%
Malediven
5%
Osttimor
5%
Philippinen
5%
Sri Lanka
5%
Kambodscha
4%
Tadschikistan
4%
Taiwan
2%
Keine übereinstimmenden Quizze gefunden
Verteilung der Resultate
Anzahl Personen mit jedem Resultat
Perzentil nach korrekt beantworteten Fragen
Ihre Resultats-Entwicklung
Sie haben dieses Quiz noch nicht gespielt